Catálogo

LA EXISTENCIA TEMPORAL (Registro nro. 51354)

Detalles MARC
000 -LEADER
fixed length control field 00856nam a2200229 a 4500
001 - CONTROL NUMBER
control field 51354
005 - DATE AND TIME OF LATEST TRANSACTION
control field 20180714040754.0
008 - FIXED-LENGTH DATA ELEMENTS--GENERAL INFORMATION
fixed length control field 140415s2005 sp 000 0 spa d
020 ## - INTERNATIONAL STANDARD BOOK NUMBER
International Standard Book Number 8474901464
041 ## - LANGUAGE CODE
Language code of text/sound track or separate title spa
082 ## - DEWEY DECIMAL CLASSIFICATION NUMBER
Classification number 142.7
Item number GUI
100 1# - MAIN ENTRY--PERSONAL NAME
Personal name GITTON, JEAN
245 13 - TITLE STATEMENT
Title LA EXISTENCIA TEMPORAL
250 ## - EDITION STATEMENT
Edition statement 1a ed.
260 ## - PUBLICATION, DISTRIBUTION, ETC.
Place of publication, distribution, etc. ESPAÑA :
Name of publisher, distributor, etc. EDICIONES ENCUENTRO,
Date of publication, distribution, etc. 2005
300 ## - PHYSICAL DESCRIPTION
Extent 167
Dimensions 15.3 x 1.3 x 23
490 ## - SERIES STATEMENT
Series statement FILOSOFIA
520 ## - SUMMARY, ETC.
Summary, etc. AL PRINCIPIO ME HICE TOMISTA. A LO LARGO DE MI CAUTIVIDAD Y DESPUES DE LA GUERRA ACARICIE EL SUEÑO DE RENOVAR EL ARISTOTELISMO. SALIO ENTONCES MI LIBRO LA EXISTENCIA TEMPORAL. MI MEJOR LIBRO. SE PUEDE DECIR QUE TUVE UNA CHISPA DE GENIALIDAD.
650 14 - SUBJECT ADDED ENTRY--TOPICAL TERM
Topical term or geographic name entry element EXISTENCIALISMO
General subdivision ONTOLOGIA
700 1# - ADDED ENTRY--PERSONAL NAME
Personal name BARINAGA-REMENTERIA, JAVIER MARTIN
Relator term tr.
740 ## - ADDED ENTRY--UNCONTROLLED RELATED/ANALYTICAL TITLE
Uncontrolled related/analytical title L´EXISTENCE TEMPORELLE
Existencias
Withdrawn status Lost status Source of classification or shelving scheme Damaged status Not for loan Collection code Home library Current library Shelving location Date acquired Source of acquisition Inventory number Total Checkouts Full call number Barcode Date last seen Date last checked out Price effective from Koha item type
    Dewey Decimal Classification     General Biblioteca Karol Wojtyla Biblioteca Karol Wojtyla Sala general 03/12/2013 Compra 151000000000000000060975   142.7 GUI 76525 05/01/2026 22/10/2014 03/12/2013 Libro